Trestný poriadok úplné znenie zákona : s účinnosťou od 1. marca 2019

Bibliographic Details
Corporate Author: Slovensko (Author)
Format: Book
Language:Slovak
Published: Šamorín Heuréka 2019
Edition:Piate vydanie
Series:Zákony (Heuréka)
Subjects:

MARC

LEADER 00000nam a2200000 4500
001 vtls011860686
003 SK-MaSNL
005 20260301102557.0
008 210624s2019 xo e l 000 0 slo
015 |a SNBI2019 
020 |a 9788081730740  |q (brožované) 
035 |a 11595725-16F3-4F50-8259-57FE98BE5E68 
035 |a urn:nbn:sk:snk-am3iefe 
035 |a urn:nbn:sk:snk-am00e6vo 
040 |a SNK  |b slo  |c SNK  |e rda 
041 0 |a slo 
043 |a e-xo--- 
044 |a xo  |c SK 
072 7 |a 343  |x Trestné právo  |2 konspekt 
080 |a 343.13  |2 2011 
080 |a (437.6)  |2 2011 
080 |a (094.5)  |2 2011 
110 1 |a Slovensko  |4 aut  |9 266955 
240 1 0 |a Trestný poriadok (2005, novela 2019) 
245 1 0 |a Trestný poriadok  |b úplné znenie zákona : s účinnosťou od 1. marca 2019 
250 |a Piate vydanie 
264 1 |a Šamorín  |b Heuréka  |c 2019 
300 |a 221 strán  |c 21 cm 
336 |a text  |b txt  |2 rdacontent 
337 |a bez média  |b n  |2 rdamedia 
338 |a zväzok  |b nc  |2 rdacarrier 
490 1 |a Zákony 
650 0 7 |a trestné konanie  |2 SNKPH  |9 2380 
650 0 7 |a Criminal procedure  |2 SNKPHeng  |9 311614 
651 7 |a Slovensko  |2 SNKPH 
651 7 |a Slovakia  |2 SNKPHeng  |9 92630 
655 7 |a zákony  |2 SNKPH  |9 70186 
655 7 |a Laws  |2 SNKPHeng  |9 266957 
830 0 |a Zákony (Heuréka)  |9 311615 
919 |a 978-80-8173-074-0 
999 |c 692521  |d 694451 
952 |a SNK  |b SNK  |y PREZ  |7 0  |p 17A1363085  |o snkSC 183792  |i snk2019/10262  |8 0  |0 0  |1 0  |4 0  |d 2019-04-09  |f 1  |l 0  |r 2026-02-23 20:31:47  |w 2026-02-23 
952 |a SNK  |b SNK  |y VYP  |7 0  |p 17A1363086  |o snkSC 183792 D1  |i snk2019/10263  |8 0  |0 0  |1 0  |4 0  |d 2019-04-09  |l 0  |r 2026-02-23 20:31:47  |w 2026-02-23